Top 10 Eurovision 2000-2012 - Statistics

General Stats
  • This quiz has been taken 37 times
  • The average score is 121 of 130
Answer Stats
Hint Answer % Correct
2006-1st Finland
100%
2000-6th | 2006-10th | 2011-8th Ireland
100%
2003-4th | 2005-9th | 2008-5th | 2009-1st Norway
100%
2000-2nd | 2002-10th | 2003-3rd | +4 others Russia
100%
2000-7th | 2001-5th | 2002-8th | +5 others Sweden
100%
2004-1st | 2006-7th | 2007-2nd | +3 others Ukraine
100%
2002-4th | 2009-5th United Kingdom
100%
2007-6th Belarus
97%
2000-1st | 2001-2nd | 2005-10th | +2 others Denmark
97%
2000-4th | 2001-1st | 2002-3rd | +2 others Estonia
97%
2001-4th | 2002-5th | 2009-8th France
97%
2001-8th | 2004-8th | 2010-1st | +3 others Germany
97%
2001-3rd | 2004-3rd | 2005-1st | +6 others Greece
97%
2007-1st | 2008-6th | 2012-3rd Serbia
97%
2001-6th | 2002-7th | 2003-9th | +2 others Spain
97%
2008-8th | 2009-3rd | 2010-5th | +2 others Azerbaijan
94%
2003-8th | 2009-2nd Iceland
94%
2011-2nd | 2012-9th Italy
94%
2000-3rd | 2002-1st | 2005-5th Latvia
94%
2003-7th Poland
94%
2001-7th Slovenia
94%
2000-10th | 2003-1st | 2004-4th | +5 others Turkey
94%
2004-7th | 2012-5th Albania
90%
2003-6th Austria
90%
2004-9th | 2006-3rd | 2008-10th | +2 others Bosnia & Herzegovina
90%
2000-9th | 2001-10th Croatia
90%
2010-9th | 2011-9th Georgia
90%
2006-6th Lithuania
90%
2000-8th | 2001-9th | 2002-2nd | 2005-2nd Malta
90%
2003-2nd | 2010-6th Belgium
87%
2002-9th | 2003-10th | 2005-3rd | +2 others Romania
87%
2005-8th Switzerland
87%
2006-8th | 2007-8th | 2008-4th | +2 others Armenia
84%
2007-9th Hungary
84%
2005-4th | 2008-9th Israel
84%
2007-5th Bulgaria
81%
2002-6th | 2004-5th Cyprus
77%
2005-6th | 2007-10th Moldova
77%
2004-2nd | 2005-7th Serbia & Montenegro
52%
No matching quizzes found
Score Distribution
Percent of People with Each Score
Percentile by Number Answered
Your Score History
You have not taken this quiz